[Event "TUR Cup"]
[Site "Ankara"]
[Date "2021.12.11"]
[Round "6"]
[White "Yilmaz, Fatih"]
[Black "Sinay, Ahmet"]
[Result "1-0"]
[WhiteElo "1294"]
[BlackElo "1568"]
[PlyCount "124"]
[EventDate "2021.12.08"]
[EventType "swiss"]
[EventRounds "9"]
[EventCountry "TUR"]
[SourceTitle "CBM 205 Extra"]
[Source "ChessBase"]
[SourceDate "2022.01.31"]
[SourceVersion "1"]
[SourceVersionDate "2022.01.31"]
[SourceQuality "1"]

1. d4 Nf6 2. Nf3 g6 3. c4 Bg7 4. Nc3 0-0 5. e4 d6 6. g3 e5 7. Bg2 Nc6 8. d5 Ne7 9. 0-0 h6 10. h3 Ne8 11. Bd2 f5 12. exf5 gxf5 13. Ne1 Nf6 14. f4 e4 15. Nc2 Ng6 16. Be3 Re8 17. Nd4 Bd7 18. Rc1 c5 19. dxc6 bxc6 20. b4 a5 21. b5 c5 22. Nc6 Bxc6 23. bxc6 Rc8 24. Nd5 Ne7 25. c7 Qd7 26. Nb6 Qe6 27. Nxc8 Rxc8 28. Qa4 Rxc7 29. Qxa5 Rc8 30. Rfd1 Nc6 31. Qa6 Bf8 32. a3 Nh5 33. Kh2 Rc7 34. Rc3 Bg7 35. Rb3 Nd4 36. Rb6 Qg6 37. g4 fxg4 38. Rxd6 Bf6 39. Qa8+ Kg7 40. Qxe4 Qxe4 41. Bxe4 Re7 42. Bxd4 Rxe4 43. Bxf6+ Nxf6 44. hxg4 Rxf4 45. Ra1 Rxc4 46. a4 Rc2+ 47. Kg1 c4 48. a5 c3 49. Rc6 Nd5 50. a6 Rd2 51. a7 Nb6 52. Rxc3 Rd7 53. a8Q Nxa8 54. Rxa8 Kg6 55. Ra4 Rd6 56. Rc5 Rf6 57. Kg2 Re6 58. Kg3 Rd6 59. Rac4 Rd3+ 60. Kh4 Rd1 61. Rc6+ Kg7 62. Rc7+ Kg8 1-0